Di Ladang Datuk

Bibliographic Details
Main Author: Aliza Ali Dr (Author)
Format: Book
Language:Malay
Published: Johor Bahru, Johor : Penerbitan Pelangi Sdn. Bhd. 2022
Edition:Edisi pertama 2014
Series:Siri Mudah Baca Set ketiga buku 1
Subjects:

MARC

LEADER 00000cam a2200000 7i4500
001 0000146979
005 20230103.0
008 230103t20222022my a x f may
020 |a 9789672720119 
040 |a PERPUSTAM   |b eng   |c PERPUSTAM   |e rda 
041 |a may 
090 0 0 |a PRA 372.465   |b ALI 
100 0 |a Aliza Ali   |c Dr. ,   |e author 
245 1 0 |a Di Ladang Datuk   |c Ditulis oleh: Dr Aliza Ali 
250 |a Edisi pertama 2014 
264 1 |a Johor Bahru, Johor :   |b Penerbitan Pelangi Sdn. Bhd.   |c 2022 
264 4 |c ©2022 
300 |a 32 pages :   |b colour illustrations ;   |c 18 cm. 
336 |a text  |2 rdacontent 
337 |a unmediated  |2 rdamedia 
338 |a volume  |2 rdacarrier 
490 1 |a Siri Mudah Baca   |v Set Ketiga Buku 1 
650 1 0 |a Reading   |x Phonetic method 
650 2 0 |a Reading (Preschool) 
830 0 |a Siri Mudah Baca   |v Set ketiga buku 1 
999 |a 0000747815   |b Buku   |c Koleksi Pinjaman Kanak-Kanak   |e Perbadanan Perpustakaan Awam Melaka 
999 |a 0000747816   |b Buku   |c Koleksi Pinjaman Kanak-Kanak   |e Perbadanan Perpustakaan Awam Melaka 
999 |a 0000747817   |b Buku   |c Koleksi Pinjaman Kanak-Kanak   |e Perpustakaan Cawangan Jasin 
999 |a 0000747818   |b Buku   |c Koleksi Pinjaman Kanak-Kanak   |e Perpustakaan Cawangan Masjid Tanah 
999 |a 0000747819   |b Buku   |c Koleksi Pinjaman Kanak-Kanak   |e Perpustakaan Cawangan Merlimau